000
00308nam a2200109Ia 4500
008
220216s9999 xx 000 0 und d
100
_a
Mathew K J
245
0
_a
Will the Indian natural rubber industry weather the Asian crisis? Pt.1.
260
_b
Indian Rubber Journal
_c
1999
300
_a
68-77
942
_c
JS
999
_c
72444
_d
72444